Estadísticas para Prueba de México

Haz click aquí para tomar la prueba!

Estadísticas generales

  • Esta prueba ha sido tomada 3.375 veces
  • La puntuación promedio es 19 de 25

Estadísticas de respuestas

PistaRespuesta% Correcto
Países que limitan con MéxicoEstados Unidos
98%
MonedaPeso
98%
El deporte más popularFútbol
96%
Países que limitan con MéxicoGuatemala
94%
Las áreas metropolitanas más pobladasCiudad de México
93%
Países que limitan con MéxicoBelice
90%
La civilización nativa conocida por las pirámides, los calendarios y la escrituraMaya
90%
El licor hecho de agaveTequila
85%
Una raza de pequeño perro llamada así por un estado mexicanoChihuahua
83%
Animal nacionalÁguila real
82%
La civilización conquistada por CortésAzteca
82%
Día festivo celebrado del 31 de octubre al 2 de noviembreDía de los Muertos
82%
Estilo de música folclórica con trompetas y guitarrasMariachi
78%
Los tres apellidos más comunes (adivina cualquiera)Hernández |
Garcia | Martinez
75%
Península de CancúnYucatán
75%
Las áreas metropolitanas más pobladasGuadalajara
74%
Península al sur de CaliforniaBaja
69%
Las áreas metropolitanas más pobladasMonterrey
68%
Ciudad importante cerca de San DiegoTijuana
64%
El hombre más ricoCarlos Slim
60%
El año en que México fue anfitrión de los Juegos Olímpicos de Verano1968
57%
El río más largoRio Grande
50%
Ciudad del Pacífico conocida por los buzos de acantiladosAcapulco
47%
La salsa de chile a veces se hace con chocolateMole
43%
La mayor exportaciónPetróleo
42%

Distribución de puntuación

Porcentaje por número respondido

Porcentaje de gente con cada puntuación

Historial de tus puntuaciones

No has tomado esta prueba